| 000 | 00372nam a22001697a 4500 | ||
|---|---|---|---|
| 005 | 20160628154423.0 | ||
| 008 | 160628b xxu||||| |||| 00| 0 eng d | ||
| 020 | _a9971-51-411-7 | ||
| 041 | _aeng | ||
| 082 | _b10946 | ||
| 100 |
_aChan. Henry and others _93111 |
||
| 245 | _aE-Commerce | ||
| 260 | _bWiley | ||
| 300 | _a462 | ||
| 650 |
_aManagement _9241 |
||
| 942 | _cBK | ||
| 999 |
_c4536 _d4535 |
||